| 000 | 00752nam a2200205 a 4500 | ||
|---|---|---|---|
| 001 | 948 | ||
| 003 | CDMR | ||
| 005 | 20130412132411.0 | ||
| 008 | 130130s2006||||||||||||||||||||||||||||d | ||
| 020 | _a8439373139 | ||
| 040 |
_aCDMR _bcat _cCDMR |
||
| 111 | 2 |
_aJornades Parlamentàries sobre Mitjans de Comunicació Audiovisual _cBarcelona _d2006 _n6enes _9738 |
|
| 245 | 1 | 3 |
_aEl futur digital de la ràdio i la televisió _cVI Jornada Parlamentària sobre Mitjans de Comunicació Audiovisuals |
| 260 |
_aBarcelona _c2006 _bParlament de Catalunya |
||
| 490 | 0 |
_aTestimonis parlamentaris _v25 |
|
| 650 | 0 | 4 |
_93092 _aIndústria audiovisual |
| 650 | 0 | 4 |
_91448 _aMitjans de comunicació de massa _zCatalunya |
| 710 | 1 |
_9739 _aCatalunya _b -- Parlament |
|
| 942 |
_cMON _2udc |
||
| 999 |
_c948 _d948 |
||